Normal view
MARC view
Entry Personal Name
001 - CONTROL NUMBER
- control field: 17412
003 - CONTROL NUMBER IDENTIFIER
- control field: OSt
005 - DATE AND TIME OF LATEST TRANSACTION
- control field: 20230215094708.0
008 - FIXED-LENGTH DATA ELEMENTS
- fixed length control field: 230215|| aca||aabn | a|a d
040 ## - CATALOGING SOURCE
- Original cataloging agency: OSt
- Transcribing agency: OSt
100 ## - HEADING--PERSONAL NAME
- Personal name: ဝိမလ၊ အရှင်(သာသနဓဇဓမ္မာစရိယ)
670 ## - SOURCE DATA FOUND
- Source citation: Work cat.: (OSt): ဝိမလ၊ အရှင်(သာသနဓဇဓမ္မာစရိယ), ကချင်ပြည်နယ်မိုးကောင်းမြို့ပရဟိတသပြေပင်ကျောင်းထွက်ရပေါက်ဆရာတော်ဦးပရမ၏ထေရုပ္ပတ္တိသင်္ခေပကထာ\, ၁၉၇၉